Fundamentos geográficos de la historia
Saved in:
| Hovedforfatter: | |
|---|---|
| Format: | Bog |
| Sprog: | spansk |
| Udgivet: |
Barcelona
Omega
1958
|
| Fag: | |
| Tags: |
Tilføj Tag
Ingen Tags, Vær først til at tagge denne postø!
|
MARC
| LEADER | 00000nam a2200000 a 4500 | ||
|---|---|---|---|
| 001 | UCV9639 | ||
| 003 | CL-VaPUC | ||
| 008 | 921214e19580000SP |||||||||||||||||spa|d | ||
| 082 | 0 | 4 | |a 910.9 |b HAS |2 21 |
| 100 | 0 | |a Hassinger, Hugo |e author |9 303650 | |
| 245 | 1 | 0 | |a Fundamentos geográficos de la historia |
| 300 | |a 363 p | ||
| 942 | |c BK | ||
| 945 | |d 19921214 00:00:00 | ||
| 260 | |a Barcelona |b Omega |c 1958 | ||
| 650 | 0 | |a Geografía histórica |9 267532 | |
| 650 | 7 | |a HISTORIA INVESTIGACIONES |2 CL-VaPUC |9 268457 | |
| 583 | |a last modification |c 19921214 00:00:00 |k Rodrigo Vera | ||
| 999 | |c 214944 |d 214942 | ||
| 952 | |0 0 |1 0 |4 0 |6 910_900000000000000_HAS_1958 |7 0 |8 P |9 198794 |a BIBARQ |b BIBARQ |d 2019-11-14 |i 2661861 |o 910.9 HAS 1958 |p 2661861 |r 2025-01-20 |w 2019-11-14 |y BK |k ARQ | ||